000 01627nam0a2200385 4500
001 RU\NLR\bibl\391854
005 20250622160852.0
010 _a5-901640-08-X
_9500
021 _aRU
_b2003-9493
_9435
035 _a(NLR Aleph) 000386141
090 _a486382
_c486382
100 _a20030414d2002 |||y0rusy50 ca
101 0 _arus
102 _aRU
105 _ay |||||||||
200 1 _aАкционерные общества: объективные основы, двойственная природа, российская специфика и адаптационные возможности
_fЕ. Е. Иродова
_gМ-во образования Рос. Федерации и др.
210 _aМ.
_aИваново
_cИван. гос. ун-т
_d2002
215 _a240, [1] с.
_d20
300 _aВ надзаг. также: Междунар. фонд Н. Д. Кондратьева, Иван. гос. ун-т
320 _aБиблиогр. в подстроч. прим.
606 0 _aАкционерные общества
_yРоссийская Федерация
_92076478
_3RU\NLR\auth\661251623
610 0 _aАкционерные общества
610 0 _aРоссийская Федерация, экономика
675 _a334.722.8
_v3
_zrus
686 _a06.75
_2rugasnti
686 _a65.29
_2rubbk
686 _aУ29(2)
700 1 _aИродова
_bЕ. Е.
_gЕлена Евгеньевна
_4070
801 0 _aRU
_bRKP
_c20030414
_gPSBO
801 1 _aRU
_bRKP
_c20030414
801 2 _aRU
_bNLR
_c20030522
_grcr
942 _cBOOK
980 _aNB